Quizzes
Events
Quiz Creation
Community
Videos
Private Events
Remove Ads
Sign In
Join for FREE
Feedback
Dark Mode
Quiz Categories
Sports
Geography
Music
Movies
Television
Just For Fun
Miscellaneous
History
Literature
Language
Science
Gaming
Entertainment
Religion
Holiday
For Kids
Quiz Lab
Recent
Popular Today
Quiz Kudos Today
Editor Picks
Curator Picks
Quizzes by...
Day
Popularity
Type
Ratings
Length
Year
Community
Subscriptions
Recent Discussions
Orange Saloon
Badges
Playlists
Quests
Create
Leaderboards
Showdown
Live 5
Trivia Bingo
Activity
Puzzle Library
Sporcle Events
Private Events
Virtual Trivia
Globe League
Become a Host
Pub Owners
SporcleCon
Opinionation
Our Games
Videos
Blog
Mobile Apps
Partnerships
Remove Ads and Go Orange
Feedback
Entertainment
Celebrity
Famous
Musical
Broadway
Show
Quote
Comic Books
Anime
Superhero
DC Comics
Marvel
Cartoons
Animation
Entertainment
Celebrity
Famous
Musical
Broadway
Show
Quote
Comic Books
Anime
Superhero
DC Comics
Marvel
Cartoons
Animation
Random Quiz
Search Sporcle
×
Quiz Lab
Quiz Lab
Entertainment
Star Trek
Type in answers that appear in a list
Type in answers that appear in a list
Classic
Best Score? Go Orange.
Star Trek episodes by plot description Stats
Can you name the original Star Trek episodes by plot description?
By
AngrySpock
5m
16 Questions
285 Plays
285 Plays
285 Plays
Comments
Comments
Give Quiz Kudos
Give Quiz Kudos
-
- Ratings
hide this ad
More Info
Replay
Link that replays current quiz
Next Quiz
Link to next quiz in quiz playlist
You Got
0%
They Got
Avg Score
80%
Avg Friend Score
Upgrade to see
Score Distribution
Jump to the score distribution portion of the page
Score
0/16
Timer
05:00
0
Plays Today
Plot Description
Episode Title
% Correct
While on Deep Space Station K-
7, the crew encounters angry Klingons and adorable furry pets. Careful, the two don't like each other.
The Trouble with Tribbles
93.7%
Thieves abscond with one of Spock's crucial organs!
Spock's Brain
93%
The original unaired pilot for the series, this episode features Captain Pike commanding the Enterprise and big-
headed aliens with the ability to create powerful illusions.
The Cage
89.5%
Spock goes into heat and duels Kirk. Nuh nuh NAH NAH NAH NAH NAH nuh NAH nuh....
Amok Time
88.4%
Kirk, Spock, and a drug-
crazed McCoy are thrown back in time to the 1930s. Edith Keeler must die.
The City on the Edge of Forever
88.4%
Kirk is trapped on a planet with a lizard man in a battle to the death. Luckily, he took a 'Gunpowder and Makeshift Cannon' course at the Academy.
Arena
87.4%
Kirk and Spock find a planet populated by 1930s gangsters!
A Piece of the Action
87%
The Enterprise encounters an enormous planet-
eating machine. Poor Commodore Decker!
The Doomsday Machine
85.6%
Plot Description
Episode Title
% Correct
While trying to rescue the USS Defiant, the Enterprise finds itself trapped in an ever-
tightening lattice of energy
The Tholian Web
81.4%
Kirk bluffs his way out of a confrontation with a more powerful vessel by inventing a new tactic (and element). They then have tea with a young Clint Howard.
The Corbomite Maneuver
81.1%
God shmod! Kirk and company discover Apollo was just a really advanced alien who visited Earth thousands of years ago.
Who Mourns for Adonais?
79.3%
Scotty is put on trial for murder. The real culprit? Jack the Ripper! (sort of)
Wolf in the Fold
73%
The crew encounters a planet suspiciously like ancient Rome where gladiator matches are broadcast on TV (in glorious color)
Bread and Circuses
71.6%
The Enterprise plays cat-
and-
mouse with a sneaky Romulan ship. In another life, they could have been friends...
Balance of Terror
68.8%
The crew discovers an entire civilization living inside an asteroid (and they don't even know it!)
For the World is Hollow and I Have Touched the Sky
68.4%
The crew investigates a planet where an Earth ship disappeared 100 years prior. Festival, FESTIVAL, FESTIVAL!!!
Return of the Archons
49.8%
Quiz Playlist
Details
Report
Send in Message
Add To Playlist
More Info:
My first quiz, I thought I'd go with something I know. Hope you enjoy the descriptions!
Classic:
Type in answers that appear in a list
Quiz Source
Last Updated: Feb 16, 2017
Quiz Scoreboard
CHALLENGE
Sign Up to Join the Scoreboard
Show All
Scores
Hide
Comments
May contain spoilers
Recently Published
Presidents Visiting Landmarks
by Hejman
History
7m
An Introduction to Baseball
by treessimontrees
Sports
5m
Movies - When Are They Set?
by FPL_Elf
Movies
5m
More to Explore
Quiz From the Vault
Featured Blog Post
Where Did the Easter Bunny Come From?
hide this ad
You Might Also Like...
Tags
Star Trek Quiz
1960s
episode
Science Fiction
Today's Top Quizzes in Entertainment
Browse Entertainment
hide this ad
Today's Top Quizzes in Star Trek
Browse Star Trek
Top Contributed Quizzes in Entertainment
1
7-to-1: DC Comics Villains
2
Marvel Characters Bunker
3
Eurovision 2023 Logic Puzzle
4
Kamen Rider Motifs
5
Dragon Ball Z: Goku's Fights in Order
6
Criteria Quickie: Cartoon Taxonomy II
7
Fictional Villains Letter U Blitz
8
Dragon Ball Z: Mega Character Search
9
Sorting Pictures: Villains
10
Mini Trivia Sudoku: Musicals
Explore More
Trending Topics
Kpop
Disney
Harry Potter
NBA
Marvel
Anime
Crossword
The Office
Country
Pokémon
WWE
Soccer
NFL
Song
Puzzle
hide this ad
More By:
AngrySpock
Quiz
Plays
Rating
Category
Featured
Created
Star Trek episodes by plot description
285
5.00
Entertainment
Sep 7, 2010
Go to Creator's Profile
Score Distribution
Quiz Creator Spotlight
AngrySpock
Follow
Send a Message
Quizzes Created
-
Created Quiz Play Count
-
More By This Creator
Popular Quizzes Today
1
Find the US States - No Outlines Minefield
2
Find the Countries of Europe - No Outlines Minefield
3
The Countries of the World
4
Find the US States
5
Popular People in 1961
6
US States
7
Risky Map Clicking: Biggest States A-Z
8
1-10 Letter E Words III
More Entertainment Quizzes
Movies Based on Plays Based on Books
Published
Trending Quizzes
Risky Map Clicking: Least Populous States A-Z
1-10 Letter G Words
1-10 Letter F Words
One Thing in Common: United Kingdom
Risky Map Clicking: Next State Alphabetically
Recently Updated
Leaping Animals
pecheneg
Reality TV Shows (A-Z)
bhenderson79
Rickey Henderson's Hall of Fame Teammates
pecheneg
Champions League XIs: Arsenal
pecheneg
Quick Pick: Celebrities in WWE's Hall of Fame
aduchscher
A-Z Keypad Blitz II
pecheneg
Multiple Oscar Actors
pecheneg
Mystery Phrase Blitz: Oscar 'Best Actors'
pecheneg
F. Scott Fitzgerald Novels
LTH
Pick 3 Villains
ddd62291
Trending Topics
Harry Potter
Crossword
Marvel
Anime
Disney
NBA
Kpop
Pokémon
WWE
NFL
Song
Puzzle
Country
Soccer
The Office
Your Account Isn't Verified!
In order to create a playlist on Sporcle, you need to verify the email address you used during registration. Go to your
Sporcle Settings
to finish the process.
Report this User
Report this user for behavior that violates our
Community Guidelines
.
Details:
Send Report
Go to the Sporcle.com Mobile Site →
Comments